|
|
|
|
| LEADER |
01784nam a2200421 i 4500 |
| 001 |
EBC4455664 |
| 003 |
MiAaPQ |
| 005 |
20200520144314.0 |
| 006 |
m o d | |
| 007 |
cr cnu|||||||| |
| 008 |
160407t20152015gw a ob 000 0 ger d |
| 020 |
|
|
|z 9783959346566
|
| 020 |
|
|
|a 9783959341561
|q (electronic bk.)
|
| 035 |
|
|
|a (MiAaPQ)EBC4455664
|
| 035 |
|
|
|a (Au-PeEL)EBL4455664
|
| 035 |
|
|
|a (CaPaEBR)ebr11177747
|
| 035 |
|
|
|a (OCoLC)945874171
|
| 040 |
|
|
|a MiAaPQ
|b eng
|e rda
|e pn
|c MiAaPQ
|d MiAaPQ
|
| 050 |
|
4 |
|a HF5549.5.I5
|b .K468 2015
|
| 082 |
0 |
|
|a 658.3142
|2 23
|
| 100 |
1 |
|
|a Kent, Cem,
|e author.
|
| 245 |
1 |
0 |
|a Nicht-monetare Anreize und unethisches Verhalten :
|b Drei experimentelle Studien im Uberblick /
|c Cem Kent.
|
| 264 |
|
1 |
|a Hamburg, [Germany] :
|b Diplomica Verlag,
|c 2015.
|
| 264 |
|
4 |
|c 2015
|
| 300 |
|
|
|a 1 online resource (66 pages) :
|b illustrations
|
| 336 |
|
|
|a text
|2 rdacontent
|
| 337 |
|
|
|a computer
|2 rdamedia
|
| 338 |
|
|
|a online resource
|2 rdacarrier
|
| 504 |
|
|
|a Includes bibliographical references.
|
| 588 |
|
|
|a Description based on online resource; title from PDF cover page (ebrary, viewed April 11, 2016).
|
| 590 |
|
|
|a Electronic reproduction. Ann Arbor, MI : ProQuest, 2016. Available via World Wide Web. Access may be limited to ProQuest affiliated libraries.
|
| 650 |
|
0 |
|a Incentive awards.
|
| 650 |
|
0 |
|a Employee motivation.
|
| 650 |
|
0 |
|a Motivation (Psychology)
|
| 655 |
|
4 |
|a Electronic books.
|
| 776 |
0 |
8 |
|i Print version:
|a Kent, Cem.
|t Nicht-monetare Anreize und unethisches Verhalten : Drei experimentelle Studien im Uberblick.
|d Hamburg, [Germany] : Diplomica Verlag, c2015
|h 67 pages
|z 9783959346566
|
| 797 |
2 |
|
|a ProQuest (Firm)
|
| 856 |
4 |
0 |
|u https://ebookcentral.proquest.com/lib/matrademy/detail.action?docID=4455664
|z Click to View
|